000 01016nam0a22002651 4500
001 rc\4551704
005 20260407091135.0
021 _aRU
_b[58-44931]
035 _a(NLR Aleph) 008364753
090 _a9020699
_c9020699
100 _a20130416d1958 |||y0rusy50 ca
101 0 _arus
102 _aRU
105 _ay ag |||||
200 1 _aКонстантин Александрович Федин
_eБиблиогр. справочник
_fТул. обл. б-ка им. В.И. Ленина. Метод.-библиогр. отд.
210 _aТула
_cБ. и.
_d1958
215 _a80 с.
_d20
700 1 _aЛевинсон
_bЗ.И.
_gЗалман Израилевич
702 1 _aФедин
_bК.А.
_f1892-1977
_gКонстантин Александрович
_4570
712 0 2 _aТульская областная библиотека им. В.И. Ленина
_3RU\NLR\AUTH\8815703
_9304565
801 0 _aRU
_bNLR
_gpsbo
801 1 _aRU
_bELAR
_2rusmarc
852 _aNLR
_j641/Ф-32
942 _cBOOK
980 _aNB